000 00300nam a2200133Ia 4500
008 231129s1970||||xx |||||||||||||| ||spa||
040 _bspa
082 _aE863 G463v
100 _aGil Novales Ramon
245 0 _aVoz de muchas aguas
260 _c1970
264 _aSeix Barral
942 _2ddc
_cBKS
999 _c26444
_d26444